000 00290nam a22001337a 4500
008 181107b xxu||||| |||| 00| 0 eng d
020 _a9780030132346
041 _aeng
080 _a101
100 _a24
101 _aFIL
245 _aPhilosophers At Work
_cCohen,E.D
942 _2udc
_cBK
999 _c52067
_d52067